LEADER 01294nam 2200385 c 450 001 9911071923003321 005 20251209174539.0 035 $a(EXLCZ)9945849216800041 100 $a20250327g20249999 u| | 101 0 $ager 181 $ctxt$2rdacontent 182 $cc$2rdamedia 183 $acr$2rdacarrier 200 00$aStadt.Geschichte.Basel$fHerausgeber innengremium: Caroline Arni, Esther Baur, Susanna Burghartz, Lucas Burkart, Marc Fehlmann, Martin Lengwiler, Peter-Andrew Schwarz 210 1$aBasel$cChristoph Merian Verlag$d[2024]- 215 $aOnline-Ressource 300 $aEs sind 10 Bände geplant 311 08$aErscheint auch als Print-Ausgabe Stadt Geschichte Basel 517 1 $aStadtgeschichte Basel 517 1 $aStadt Geschichte Basel 606 $aGeschichte$3(DE-STW)15690-2$2stw 606 $aWirtschaftsgeschichte$3(DE-STW)15706-6$2stw 606 $aVolkswirtschaft$3(DE-STW)10025-6$2stw 607 $aBasel$2gnd 615 7$aGeschichte 615 7$aWirtschaftsgeschichte 615 7$aVolkswirtschaft 676 $a949.4 686 $aNR 8432$2rvk 686 $aNW 2435$2rvk 702 $aArni$b Caroline$f1970-$4edt 801 0$bCH-ZuSLS UBS A100 912 $a9911071923003321 996 $aStadt.Geschichte.Basel$94556795 997 $aUNINA